Bienvenue à la Médiathèque de Saint-Andiol
banniere
Accueil Recherche avancée Mon compte
handi1 Rechercher dans le catalogue

Filtre   Mots-clés
  Recherche avancée
 
Lister les dernières nouveautés
 
Lister les livres GROS CARACTERES
 
Lister les périodiques (magazines)

handi1 Fish & ships

Book Cover
Auteur principal : Midam
Autres auteurs : Adam
Autres auteurs : Patelin
Titre : Fish & ships
Support : Livres
Langue : Francais
Publié : DL 2025 Dupuis Paris
Series : Game over
Genre : Bande Dessinée (enfants)
Collection : Game over
Sujets :
Étiquettes :
Pas de tags
LEADER 01529nam0a2200241 450
001 16868369
010 |a 978-2-8085-1023-3  |b rel.  |d 12,95 € 
100 |a 20260529d2026 u u0frey01 ba 
101 0 |a fre 
102 |a BE 
200 0 |a Fish & ships  |f dessin, Midam et Adam  |g scénario, Midam et Patelin - couleur, Ben BK 
207 1 |a   
210 |a Paris  |b 57, bd de La Villette  |c Dupuis  |d DL 2025 
215 |a 1 vol. (45 p.)  |c ill. en coul.  |d 30 cm 
225 1 |a Game over  |v 24 
330 |a Le principe du jeu vidéo de Game Over ? Un petit barbare (pas toujours super adroit, il est vrai) doit sauver une princesse (pas toujours super maline, avouons-le…). À partir de ce postulat limpide, toute l'équipe du Gang of fun orchestre des situations toujours plus loufoques et inattendues, dégénérant systématiquement en éclats de rire et d'hémoglobine ! Un humour transgressif mais résolument tous publics, plébiscité plus que jamais par les lecteurs du journal Spirou, qui trouvent dans ce prolongement de l'univers de Kid Paddle l'occasion de se régaler de l'intrusion des célèbres Blorks ! Game Over ? Au bout de 24 tomes, on redemande toujours du « Same player shoot again ». Une longévité exceptionnelle dans le monde de la BD. 
461 0 |t Game over  |v 24 
700 0 |a Midam  |f 1963-....  |4 440 
701 0 |a Adam  |f 1969-....  |4 440 
702 0 |a Patelin  |4 70 
900 |a Bande Dessinée (enfants) 
901 |a Jeunesse 
995 |a Médiathèque  |c Médiathèque  |f 089021929  |h 089021929  |k BD GAM  |o p  |q j  |r az  |e Médiathèque